Magic carpet : Aleppo-in-Flatbush : the story of a unique ethnic Jewish community /

Bibliographic Details
Main Author: Sutton, Joseph A. D., 1907-
Format: Book
Language:English
Published: New York : Thayer-Jacoby, [1979]
Subjects:

MARC

Tag First Indicator Second Indicator Subfields
LEADER 00000cam a2200000 a 4500
001 in00000081393
005 20151008061048.0
008 790619s1979 nyuacfh b 00110 engm
010 |a  79065516  
020 |c $19.95 
035 |a (OCoLC)05173458 
035 |9 AAJ7216AM 
040 |a DLC  |c DLC  |d OCL  |d m.c.  |d OCL  |d TXA  |d UtOrBLW 
043 |a a-sy---  |a n-us-ny 
049 |a TXAM  |c [1673151] 
050 0 0 |a F129.B7  |b S93 
082 0 |a 301.45/19/24074723 
100 1 |a Sutton, Joseph A. D.,  |d 1907- 
245 1 0 |a Magic carpet :  |b Aleppo-in-Flatbush : the story of a unique ethnic Jewish community /  |c Joseph A.D. Sutton ; foreword by S.D. Goitein. 
264 1 |a New York :  |b Thayer-Jacoby,  |c [1979] 
264 4 |c ©1979 
300 |a xiii, 304 pages, 16 unnumbered pages of plates :  |b illustrations, facsimiles, portraits ;  |c 24 cm. 
336 |a text  |b txt  |2 rdacontent 
337 |a unmediated  |b n  |2 rdamedia 
338 |a volume  |b nc  |2 rdacarrier 
500 |a Includes index. 
504 |a Bibliography: pages 286-292. 
650 0 |a Jews  |z Brooklyn  |x Social conditions. 
650 0 |a Jews  |z Syria  |x Social conditions. 
651 0 |a Brooklyn (New York, N.Y.)  |x Social conditions. 
651 0 |a New York (N.Y.)  |x Social conditions. 
651 0 |a Syria  |x Social conditions. 
999 |a MARS 
999 f f |s 64aec212-183d-3a07-badd-f59694a1430e  |i dc5afaf7-032d-3f8b-acd0-37e737101e93  |t 0 
952 f f |p ric  |a Texas A&M University  |b Rellis Campus  |c Joint Library Facility  |d Remote Storage  |t 0  |e F129.B7 S93  |h Library of Congress classification  |i unmediated -- volume  |m A14806109061 
998 f f |a F129.B7 S93  |t 0  |l Remote Storage